000 00486nam a22001817a 4500
999 _c2838
_d2795
008 181218b ||||| |||| 00| | eng d
020 _a9789752893955
041 _atur
050 _aPL248.T73
100 _91293
_aTulgar, Ahmet
245 _a Evsiz Ülke Hikayeleri
250 _a2.Basım
260 _aİstanbul
_bEverest Yayınları
_cMayıs 2007
300 _a88 Sayfa
500 _a1.Basım : Şubat 1989, BFS Yayınları
650 0 _9145
_aTürk Edebiyatı
942 _2lcc
_cBK